000 00272nam a22001097a 4500
008 231112b |||||||| |||| 00| 0 eng d
100 _aRadhakrishnan, S,
_96535
245 _aMahatma Gandhi 100 Years
260 _bGandhi, Foundation;
_c1968;
300 _a401p
942 _cBK
999 _c40350
_d40350